NFL Super Bowl Winners - Statistics

General Stats
  • This quiz has been taken 68 times
    20 since last reset
  • The average score is 23 of 60
Answer Stats
Hint Answer % Correct
2024 Kansas City Chiefs
100%
2025 Philadelphia Eagles
100%
2026 Seattle Seahawks
100%
2023 Kansas City Chiefs
75%
2020 Kansas City Chiefs
75%
2022 Los Angeles Rams
75%
2019 New England Patriots
75%
2021 Tampa Bay Buccaneers
75%
2013 Baltimore Ravens
50%
2016 Denver Broncos
50%
2011 Green Bay Packers
50%
1968 Green Bay Packers
50%
1967 Green Bay Packers
50%
1970 Kansas City Chiefs
50%
2017 New England Patriots
50%
2015 New England Patriots
50%
2010 New Orleans Saints
50%
2012 New York Giants
50%
1969 New York Jets
50%
2018 Philadelphia Eagles
50%
2009 Pittsburgh Steelers
50%
2014 Seattle Seahawks
50%
2001 Baltimore Ravens
25%
1986 Chicago Bears
25%
1996 Dallas Cowboys
25%
1994 Dallas Cowboys
25%
1993 Dallas Cowboys
25%
1978 Dallas Cowboys
25%
1972 Dallas Cowboys
25%
1999 Denver Broncos
25%
1998 Denver Broncos
25%
1997 Green Bay Packers
25%
2007 Indianapolis Colts
25%
1984 Los Angeles Raiders
25%
1974 Miami Dolphins
25%
1973 Miami Dolphins
25%
2005 New England Patriots
25%
2004 New England Patriots
25%
2002 New England Patriots
25%
2008 New York Giants
25%
1991 New York Giants
25%
1987 New York Giants
25%
1981 Oakland Raiders
25%
1977 Oakland Raiders
25%
2006 Pittsburgh Steelers
25%
1980 Pittsburgh Steelers
25%
1979 Pittsburgh Steelers
25%
1976 Pittsburgh Steelers
25%
1975 Pittsburgh Steelers
25%
1995 San Francisco 49ers
25%
1990 San Francisco 49ers
25%
1989 San Francisco 49ers
25%
1985 San Francisco 49ers
25%
1982 San Francisco 49ers
25%
2000 St. Louis Rams
25%
2003 Tampa Bay Buccaneers
25%
1992 Washington Redskins
25%
1988 Washington Redskins
25%
1983 Washington Redskins
25%
1971 Baltimore Ravens
0%
No matching quizzes found
Score Distribution
Percent of People with Each Score
Percentile by Number Answered
Your Score History
You have not taken this quiz since the last reset